[Event "Warsaw YMCA Autumn-A 248th"]
[Site "Warsaw"]
[Date "2021.11.03"]
[Round "5"]
[White "Choroszej, Aleksander"]
[Black "Delega, Tomasz"]
[Result "1/2-1/2"]
[WhiteElo "2031"]
[BlackElo "1994"]
[PlyCount "60"]
[EventDate "2021.09.24"]
[EventType "tourn"]
[EventRounds "13"]
[EventCountry "POL"]
[SourceTitle "EXT 2023"]
[Source "ChessBase"]
[SourceDate "2022.10.05"]
[SourceVersion "1"]
[SourceVersionDate "2022.10.05"]
[SourceQuality "1"]

1. d4 e6 2. c4 Bb4+ 3. Nc3 b6 4. e4 Bb7 5. f3 Nh6 6. Nh3 0-0 7. Bg5 f6 8. Bxh6 gxh6 9. Bd3 Nc6 10. d5 Ne5 11. 0-0 Ba6 12. f4 Bxc3 13. bxc3 Nxd3 14. Qxd3 Qe7 15. f5 Qc5+ 16. Kh1 Bxc4 17. Qg3+ Kh8 18. Rf4 e5 19. Rh4 Rg8 20. Qf3 Qf8 21. Nf2 Rg5 22. Ng4 h5 23. Ne3 Ba6 24. Rxh5 Rxh5 25. Qxh5 Qg7 26. c4 Rg8 27. Rg1 Qg5 28. Qf7 Qg7 29. Qh5 Qg5 30. Qf7 Qg7 1/2-1/2

[Event "Warsaw YMCA Autumn-A 248th"]
[Site "Warsaw"]
[Date "2021.09.24"]
[Round "1"]
[White "Choroszej, Aleksander"]
[Black "Polak, Michal"]
[Result "1/2-1/2"]
[WhiteElo "2031"]
[BlackElo "1929"]
[PlyCount "73"]
[EventDate "2021.09.24"]
[EventType "tourn"]
[EventRounds "13"]
[EventCountry "POL"]
[SourceTitle "EXT 2023"]
[Source "ChessBase"]
[SourceDate "2022.10.05"]
[SourceVersion "1"]
[SourceVersionDate "2022.10.05"]
[SourceQuality "1"]

1. d4 Nf6 2. c4 e6 3. Nc3 Bb4 4. f3 c5 5. d5 d6 6. e4 0-0 7. Nge2 b5 8. Ng3 Re8 9. Bf4 exd5 10. cxd5 c4 11. a4 Bb7 12. Be2 a6 13. 0-0 Qb6+ 14. Kh1 Nbd7 15. Nf5 Bc5 16. g4 g6 17. Ng3 Ne5 18. Qd2 Nfd7 19. Nd1 Rac8 20. Be3 Bxe3 21. Nxe3 Nc5 22. Nef5 f6 23. Qh6 Qc7 24. Nh5 Rf8 25. Rg1 Rf7 26. Rg3 Kh8 27. Rag1 Rg8 28. g5 fxg5 29. Rxg5 Rxf5 30. Rxf5 Nf7 31. Rxf7 Qxf7 32. Nf4 Nxa4 33. Nxg6+ Rxg6 34. Rxg6 Qxg6 35. Qf8+ Qg8 36. Qf6+ Qg7 37. Qd8+ 1/2-1/2

[Event "Warsaw Najdorf Memorial op-A"]
[Site "Warsaw"]
[Date "2021.07.13"]
[Round "4"]
[White "Choroszej, Aleksander"]
[Black "Cukrowski, Filip"]
[Result "0-1"]
[WhiteElo "2052"]
[BlackElo "2389"]
[PlyCount "34"]
[EventDate "2021.07.10"]
[EventType "swiss"]
[EventRounds "9"]
[EventCountry "POL"]
[SourceTitle "EXT 2022"]
[Source "ChessBase"]
[SourceDate "2021.10.06"]
[SourceVersion "1"]
[SourceVersionDate "2021.10.06"]
[SourceQuality "1"]

1. d4 Nf6 2. c4 e6 3. Nc3 Bb4 4. f3 c5 5. d5 d6 6. e4 0-0 7. Nge2 a6 8. Nf4 exd5 9. Nfxd5 Nxd5 10. Qxd5 Nc6 11. Bf4 Be6 12. Qxd6 Qa5 13. Qd2 Rfd8 14. Qc1 f5 15. e5 Rd4 16. Kf2 Qd8 17. b3 Bxc3 0-1

[Event "Warsaw YMCA Spring-A 240th"]
[Site "Warsaw"]
[Date "2021.06.08"]
[Round "8"]
[White "Jedrusik, Adam"]
[Black "Choroszej, Aleksander"]
[Result "1-0"]
[WhiteElo "1956"]
[BlackElo "2033"]
[PlyCount "169"]
[EventDate "2021.04.16"]
[EventType "swiss"]
[EventRounds "11"]
[EventCountry "POL"]
[SourceTitle "EXT 2022"]
[Source "ChessBase"]
[SourceDate "2021.10.06"]
[SourceVersion "1"]
[SourceVersionDate "2021.10.06"]
[SourceQuality "1"]

1. d4 g6 2. c4 Bg7 3. Nc3 d6 4. e4 e5 5. Nge2 exd4 6. Nxd4 Ne7 7. Be2 0-0 8. Be3 Nbc6 9. h4 h6 10. Qd2 Kh7 11. 0-0-0 a6 12. f4 Nxd4 13. Bxd4 Bxd4 14. Qxd4 f5 15. h5 g5 16. fxg5 hxg5 17. exf5 Nxf5 18. Bd3 Kh6 19. Bxf5 Bxf5 20. g4 Bh7 21. Rhf1 Qe7 22. Nd5 Qe5 23. Qxe5 dxe5 24. Nxc7 Rxf1 25. Rxf1 Rc8 26. Ne6 Rxc4+ 27. Kd2 Rxg4 28. Rf6+ Kxh5 29. Ng7+ Kh4 30. Rh6+ Kg3 31. Rxh7 Rb4 32. b3 a5 33. Nf5+ Kf4 34. Ne3 Ke4 35. Rg7 Rd4+ 36. Ke2 Rd3 37. Nd1 Rg3 38. Nf2+ Kd5 39. Rxb7 a4 40. bxa4 Ra3 41. Rb2 Rxa4 42. Nd1 Ke6 43. Kf3 Ra3+ 44. Kg4 e4 45. Re2 Kd5 46. Ne3+ Kc5 47. Kxg5 Ra8 48. Kf4 Kd4 49. Rb2 Rf8+ 50. Nf5+ Kd3 51. Rb3+ Kc4 52. Kxe4 Re8+ 53. Kf4 Ra8 54. Rb2 Kc3 55. Rh2 Kb4 56. Ke4 Ka3 57. Ne3 Rd8 58. Nd5 Rg8 59. Kd4 Rg4+ 60. Kd3 Rg8 61. Ne3 Rc8 62. Nc4+ Kb4 63. Rb2+ Kc5 64. Kc3 Rh8 65. Ne5 Rh3+ 66. Nd3+ Kc6 67. a4 Rh4 68. Ne5+ Kc7 69. Nc4 Rh3+ 70. Kb4 Kb7 71. Rg2 Rh6 72. Rg5 Rf6 73. Kb5 Rh6 74. a5 Rh7 75. Ne5 Rh8 76. a6+ Ka8 77. Rg7 Rb8+ 78. Ka5 Rh8 79. Nc6 Rh5+ 80. Kb6 Rb5+ 81. Kc7 Rg5 82. Re7 Rg7 83. Kb6 Rxe7 84. Nxe7 Kb8 85. Nd5 1-0

[Event "Warsaw YMCA Spring-A 240th"]
[Site "Warsaw"]
[Date "2021.05.28"]
[Round "7"]
[White "Choroszej, Aleksander"]
[Black "Janeczko, Jakub"]
[Result "1-0"]
[WhiteElo "2033"]
[BlackElo "1918"]
[PlyCount "77"]
[EventDate "2021.04.16"]
[EventType "swiss"]
[EventRounds "11"]
[EventCountry "POL"]
[SourceTitle "EXT 2022"]
[Source "ChessBase"]
[SourceDate "2021.10.06"]
[SourceVersion "1"]
[SourceVersionDate "2021.10.06"]
[SourceQuality "1"]

1. d4 c5 2. d5 e5 3. c4 d6 4. Nc3 Be7 5. g3 f5 6. e4 Nf6 7. Bg2 0-0 8. exf5 Bxf5 9. Nf3 Na6 10. a3 Nc7 11. 0-0 a6 12. a4 b5 13. axb5 axb5 14. Rxa8 Qxa8 15. cxb5 Qb7 16. Nxe5 Nxb5 17. Nc6 Nd4 18. Nxd4 cxd4 19. Qxd4 Bd8 20. Ne4 Bxe4 21. Bxe4 Bb6 22. Qc4 Bxf2+ 23. Rxf2 Rc8 24. Bxh7+ Nxh7 25. Qf4 Qxd5 26. Be3 Rf8 27. Qd4 Qxd4 28. Rxf8+ Nxf8 29. Bxd4 Ne6 30. Bc3 Kf7 31. Kf2 d5 32. Ke3 Ke7 33. Be5 Kd7 34. h4 Kc6 35. g4 Kc5 36. h5 Kc4 37. Bxg7 Nxg7 38. h6 d4+ 39. Kd2 1-0

[Event "Warsaw YMCA Spring-A 240th"]
[Site "Warsaw"]
[Date "2021.04.23"]
[Round "2"]
[White "Polak, Michal"]
[Black "Choroszej, Aleksander"]
[Result "1-0"]
[WhiteElo "1928"]
[BlackElo "2033"]
[PlyCount "81"]
[EventDate "2021.04.16"]
[EventType "swiss"]
[EventRounds "11"]
[EventCountry "POL"]
[SourceTitle "EXT 2022"]
[Source "ChessBase"]
[SourceDate "2021.10.06"]
[SourceVersion "1"]
[SourceVersionDate "2021.10.06"]
[SourceQuality "1"]

1. e4 g6 2. d4 Bg7 3. Nc3 d6 4. Be3 a6 5. a4 Nf6 6. h3 b6 7. Qd2 Bb7 8. Bd3 e5 9. d5 h6 10. Nf3 Nbd7 11. 0-0 g5 12. Ne2 Nf8 13. Ng3 Bc8 14. a5 b5 15. c4 bxc4 16. Bxc4 Ng6 17. b4 Bd7 18. Rfb1 Nf4 19. b5 axb5 20. Bxb5 Bxb5 21. Rxb5 Qd7 22. Rb7 g4 23. hxg4 Qxg4 24. Qc2 0-0 25. Nh2 Qc8 26. Qxc7 Ra6 27. Qxc8 Rxc8 28. Rb6 Rca8 29. f3 Rxa5 30. Rxa5 Rxa5 31. Rxd6 Ra1+ 32. Nhf1 N6h5 33. Kh2 Kh7 34. Nxh5 Nxh5 35. Ng3 Nf4 36. Bxf4 exf4 37. Nf5 Bf8 38. Rf6 h5 39. Rxf7+ Kg8 40. Rc7 Rd1 41. d6 1-0

[Event "Warsaw YMCA Autumn-A 238th"]
[Site "Warsaw"]
[Date "2020.12.03"]
[Round "10"]
[White "Choroszej, Aleksander"]
[Black "Podgorski, Maciej"]
[Result "1/2-1/2"]
[WhiteElo "2037"]
[BlackElo "1972"]
[PlyCount "99"]
[EventDate "2020.09.24"]
[EventType "swiss"]
[EventRounds "12"]
[EventCountry "POL"]
[SourceTitle "EXT 2022"]
[Source "ChessBase"]
[SourceDate "2021.10.06"]
[SourceVersion "1"]
[SourceVersionDate "2021.10.06"]
[SourceQuality "1"]

1. d4 Nf6 2. c4 g6 3. Nc3 Bg7 4. e4 d6 5. f4 0-0 6. Nf3 c5 7. d5 e6 8. Be2 exd5 9. cxd5 b5 10. e5 dxe5 11. fxe5 Ng4 12. Bg5 Qb6 13. 0-0 a6 14. Kh1 Nd7 15. d6 Bb7 16. Nd5 Bxd5 17. Qxd5 Ngxe5 18. Nxe5 Nxe5 19. Be7 Ra7 20. Bxf8 Kxf8 21. Qe6 Rd7 22. Rxf7+ Nxf7 23. Qxd7 Qxd6 24. Qc8+ Nd8 25. a4 Bxb2 26. Rf1+ Kg7 27. axb5 axb5 28. Bxb5 Be5 29. Qg4 Ne6 30. Bc4 Nf4 31. Rd1 Bd4 32. Qf3 Qe5 33. Rf1 g5 34. h4 h6 35. Bd3 Qe6 36. Qb7+ Kf8 37. Be4 Qg4 38. Qb8+ Ke7 39. Qc7+ Qd7 40. Qb6 Qe6 41. Qb7+ Qd7 42. Qa6 Nh5 43. Rb1 Ng3+ 44. Kh2 Be5 45. Bg6 Ne2+ 46. Kh1 Ng3+ 47. Kh2 Ne4+ 48. Kh1 Ng3+ 49. Kh2 Ne2+ 50. Kh1 1/2-1/2